000 00642 a2200205 4500
001 62724
005 20260407155920.0
008 260407a1987 arg spa d
003 AR-UNSa-BCEJYS
040 _aAR-UNSa-BCEJYS
_bspa
_cAR-UNSa-BCEJYS
080 _a35
_xAdministración Pública
245 1 0 _aTeoría y práctica de la información administrativa al ciudadano
020 _a978-84-7351-203-9
264 1 _aMadrid :
_bInstituto Nacional de Administración Pública (INAP)
_c1987
300 _a238 p.
_c19 cm.
041 _aspa
942 _cBK
590 _aniveau_biblio:m niveau_hierar:0
100 1 _aMartínez Bargueño, Manuel
999 _c7767
_d7767